Spell the Marvel Hero #73 - Statistics

General Stats
  • This quiz has been taken 21 times
  • The average score is 4 of 5
Answer Stats
Picture Answer % Correct
Okoye
100%
Gambit
93%
War Machine
86%
Wong
86%
Namorita
64%
No matching quizzes found
Score Distribution
Percent of People with Each Score
Percentile by Number Answered
Your Score History
You have not taken this quiz